[Event "DVM U12 2019"]
[Site "Magdeburg GER"]
[Date "2019.12.27"]
[Round "2"]
[White "Schwartz, Oliver"]
[Black "Isbilir, Levin"]
[Result "1-0"]
[Termination "normal"]
[Board "10.1"]
[WhiteElo "1716"]
[BlackElo "1175"]
[WhiteTeam "SC Ostfildern 1952 e.V."]
[BlackTeam "SC Erlangen 48/88"]
[PlyCount "63"]
[WhiteFideId "16207459"]
[BlackFideId "16267192"]
[EventCountry "GER"]
[EventRounds "7"]
[EventType "team-swiss"]
[EventDate "2019.12.26"]

1. e4 c5 2. Nf3 d6 3. d4 cxd4 4. Nxd4 Nf6 5. Nc3 g6 6. Be3 Bg7 7. Bc4 Nc6 8. f3
O-O 9. Bb3 Bd7 10. Qd2 Qa5 11. O-O-O Rfc8 12. Kb1 Ne5 13. Bh6 Bh8 14. Nd5 Qd8
15. Nxf6+ Bxf6 16. h4 Nc4 17. Bxc4 Rxc4 18. Nb3 Rac8 19. Rc1 Qb6 20. h5 Ra4 21.
hxg6 hxg6 22. Bg5 Bg7 23. a3 Be6 24. Ka2 Rac4 25. Kb1 Ra4 26. Bh6 Bf6 27. Be3
Qa6 28. Bd4 Bxd4 29. Nxd4 Rxa3 30. bxa3 Qxa3 31. Nxe6 fxe6 32. Qd4 1-0

[Event "DVM U12 2019"]
[Site "Magdeburg GER"]
[Date "2019.12.27"]
[Round "2"]
[White "Wedekind, Ferdinand"]
[Black "Chugunov, Ivan"]
[Result "0-1"]
[Termination "normal"]
[Board "10.2"]
[WhiteElo "1215"]
[BlackElo "1383"]
[WhiteTeam "SC Erlangen 48/88"]
[BlackTeam "SC Ostfildern 1952 e.V."]
[PlyCount "118"]
[WhiteFideId "16298179"]
[BlackFideId "16256808"]
[EventCountry "GER"]
[EventRounds "7"]
[EventType "team-swiss"]
[EventDate "2019.12.26"]

1. e4 c6 2. d4 d5 3. exd5 cxd5 4. Nf3 Nf6 5. Bd3 Bg4 6. h3 Bh5 7. O-O e6 8. Bg5
Be7 9. Nc3 h6 10. Bh4 Nc6 11. Be2 Bg6 12. Re1 O-O 13. Qd2 a6 14. a3 b5 15. b4
Qb6 16. Rad1 Rfc8 17. Bd3 Bxd3 18. cxd3 Nxd4 19. Rc1 Nb3 20. Qb2 Nxc1 21. Rxc1
Rc7 22. Ne2 Rac8 23. Re1 Ne8 24. Bg3 Bd6 25. Bh4 Rc2 26. Qb1 R2c7 27. Qb2 a5
28. d4 axb4 29. axb4 Rc2 30. Qb1 R2c4 31. Qd3 Bxb4 32. Rb1 Bd6 33. Nd2 R4c7 34.
Rxb5 Qa7 35. Rb1 Be7 36. Bg3 Nd6 37. Nf3 Rb7 38. Rd1 Rcb8 39. Ne5 Rb6 40. Qc3
Rc8 41. Qd2 Ne4 42. Qd3 Nxg3 43. Qxg3 Bd6 44. Qe3 Bxe5 45. Qxe5 Rcb8 46. Rc1
Rb1 47. Rxb1 Rxb1+ 48. Kh2 Qb8 49. Qxb8+ Rxb8 50. Nc3 Rb4 51. Ne2 Rb2 52. Nc3
Rxf2 53. Kg3 Rd2 54. Nb5 Rd3+ 55. Kf2 f6 56. Ke2 Rb3 57. Nd6 e5 58. dxe5 fxe5
59. Nf5 Kf7 0-1

[Event "DVM U12 2019"]
[Site "Magdeburg GER"]
[Date "2019.12.27"]
[Round "2"]
[White "Walter, Romeo"]
[Black "Frech, Luis"]
[Result "1-0"]
[Termination "normal"]
[Board "10.3"]
[WhiteElo "1501"]
[BlackElo "1175"]
[WhiteTeam "SC Ostfildern 1952 e.V."]
[BlackTeam "SC Erlangen 48/88"]
[PlyCount "93"]
[WhiteFideId "16275055"]
[BlackFideId "16298187"]
[EventCountry "GER"]
[EventRounds "7"]
[EventType "team-swiss"]
[EventDate "2019.12.26"]

1. e4 e5 2. Nf3 Nc6 3. d4 exd4 4. Nxd4 Nf6 5. Nxc6 dxc6 6. Qxd8+ Kxd8 7. Bg5
Be7 8. Nc3 Ke8 9. O-O-O Be6 10. f3 Rb8 11. Be3 a6 12. Be2 b5 13. Rhe1 b4 14.
Na4 Rb5 15. Bxb5 cxb5 16. Nc5 Bc4 17. Nd3 a5 18. b3 Bxd3 19. Rxd3 Bd6 20. Red1
Ke7 21. g3 Be5 22. Bc5+ Ke6 23. f4 Bc3 24. f5+ Ke5 25. Bd4+ Bxd4 26. Rxd4 Nxe4
27. Rd5+ Kf6 28. Rxb5 Nc3 29. Rxa5 Nxd1 30. Kxd1 Rd8+ 31. Ke2 Rc8 32. g4 Re8+
33. Kf3 g6 34. Rc5 Re7 35. Rb5 Kg5 36. fxg6+ Kxg6 37. Rxb4 c5 38. Rc4 Ra7 39.
a4 Rd7 40. Rxc5 Rd1 41. a5 Rf1+ 42. Kg2 Rf4 43. Kg3 Re4 44. c3 Re1 45. b4 f5
46. Rc6+ Kg5 47. h4# 1-0

[Event "DVM U12 2019"]
[Site "Magdeburg GER"]
[Date "2019.12.27"]
[Round "2"]
[White "Bajaj, Pranit"]
[Black "Kasperovich, Christian"]
[Result "1-0"]
[Termination "normal"]
[Board "10.4"]
[WhiteElo "935"]
[BlackElo "786"]
[WhiteTeam "SC Erlangen 48/88"]
[BlackTeam "SC Ostfildern 1952 e.V."]
[PlyCount "51"]
[WhiteFideId "16298195"]
[BlackFideId "16298012"]
[EventCountry "GER"]
[EventRounds "7"]
[EventType "team-swiss"]
[EventDate "2019.12.26"]

1. e4 e5 2. Nf3 Nc6 3. Nc3 Nf6 4. Bc4 Bc5 5. O-O O-O 6. d3 d6 7. h3 Nd4 8. Nxd4
Bxd4 9. Nb5 a6 10. Nxd4 exd4 11. Bb3 d5 12. e5 Ne8 13. Bd2 f6 14. exf6 Nxf6 15.
c4 c6 16. cxd5 cxd5 17. Bb4 Re8 18. Ba4 b5 19. Bb3 Bb7 20. Bc5 Nd7 21. Bxd4 Nb6
22. Qg4 Re7 23. Bf6 Bc8 24. Qg5 h6 25. Qg6 Re6 26. Qxg7# 1-0

[Event "DVM U12 2019"]
[Site "Magdeburg GER"]
[Date "2019.12.29"]
[Round "6"]
[White "Fuhrmann, Bahne"]
[Black "Kempe, Caius Emilian"]
[Result "1-0"]
[Termination "normal"]
[Board "1.1"]
[WhiteElo "1603"]
[BlackElo "1832"]
[WhiteClock "00:11:17"]
[BlackClock "00:05:21"]
[WhiteTeam "Hamburger SK"]
[BlackTeam "USV TU Dresden"]
[PlyCount "235"]
[WhiteFideId "16244842"]
[BlackFideId "16246861"]
[EventCountry "GER"]
[EventRounds "7"]
[EventType "team-swiss"]
[EventDate "2019.12.26"]

1. e4 {[%clk 1:30:59]} c5 {[%clk 1:30:54]} 2. Nf3 {[%clk 1:31:25]} Nc6 {[%clk
1:31:19]} 3. d4 {[%clk 1:31:51]} cxd4 {[%clk 1:31:43]} 4. Nxd4 {[%clk 1:32:16]}
g6 {[%clk 1:32:07]} 5. c4 {[%clk 1:32:40]} Bg7 {[%clk 1:32:33]} 6. Be3 {[%clk
1:33:06]} Nf6 {[%clk 1:32:49]} 7. Nc3 {[%clk 1:33:30]} d6 {[%clk 1:33:08]} 8.
Qd2 {[%clk 1:33:00]} O-O {[%clk 1:33:16]} 9. f3 {[%clk 1:33:05]} Bd7 {[%clk
1:27:20]} 10. Be2 {[%clk 1:32:29]} Nxd4 {[%clk 1:26:31]} 11. Bxd4 {[%clk
1:32:51]} a5 {[%clk 1:26:30]} 12. a4 {[%clk 1:27:01]} Be6 {[%clk 1:17:56]} 13.
b3 {[%clk 1:19:15]} Nd7 {[%clk 1:18:02]} 14. Be3 {[%clk 1:19:17]} b6 {[%clk
0:55:54]} 15. Rb1 {[%clk 1:16:25]} Nc5 {[%clk 0:53:31]} 16. O-O {[%clk
1:13:28]} Qd7 {[%clk 0:50:39]} 17. Nd5 {[%clk 1:08:18]} Bxd5 {[%clk 0:50:34]}
18. cxd5 {[%clk 1:07:53]} Rfc8 {[%clk 0:48:46]} 19. Bb5 {[%clk 1:07:18]} Qd8
{[%clk 0:48:18]} 20. Bc6 {[%clk 0:58:20]} Ra7 {[%clk 0:47:47]} 21. Kh1 {[%clk
0:57:05]} Rb8 {[%clk 0:43:06]} 22. Rfc1 {[%clk 0:53:19]} Bf6 {[%clk 0:37:31]}
23. Rc2 {[%clk 0:51:18]} Bg7 {[%clk 0:35:07]} 24. Qe2 {[%clk 0:42:51]} Bf6
{[%clk 0:34:07]} 25. Qb5 {[%clk 0:40:34]} Kg7 {[%clk 0:32:12]} 26. b4 {[%clk
0:34:25]} axb4 {[%clk 0:32:04]} 27. Qxb4 {[%clk 0:33:57]} Ra5 {[%clk 0:31:08]}
28. Qc4 {[%clk 0:27:16]} Qc7 {[%clk 0:28:26]} 29. Bd2 {[%clk 0:26:59]} Ra7
{[%clk 0:27:54]} 30. Qb4 {[%clk 0:24:18]} Qd8 {[%clk 0:22:57]} 31. Ra2 {[%clk
0:20:13]} Na6 {[%clk 0:19:55]} 32. Qc4 {[%clk 0:18:06]} Qc7 {[%clk 0:17:21]}
33. Be3 {[%clk 0:13:38]} Nc5 {[%clk 0:16:27]} 34. Qb4 {[%clk 0:11:22]} Ra5
{[%clk 0:15:15]} 35. Bd2 {[%clk 0:10:35]} Qd8 {[%clk 0:12:12]} 36. Qc4 {[%clk
0:10:11]} Ra7 {[%clk 0:12:35]} 37. Qb5 {[%clk 0:08:46]} Na6 {[%clk 0:12:04]}
38. Be3 {[%clk 0:08:05]} Nc5 {[%clk 0:03:45]} 39. a5 {[%clk 0:07:29]} Bc3
{[%clk 0:02:31]} 40. a6 {[%clk 0:06:39]} Qc7 {[%clk 0:01:37]} 41. Bxc5 {[%clk
0:05:56]} dxc5 {[%clk 0:30:21]} 42. Rc2 {[%clk 0:32:15]} Be5 {[%clk 0:29:44]}
43. Bb7 {[%clk 0:31:42]} Bxh2 {[%clk 0:27:08]} 44. Qxb6 {[%clk 0:28:15]} Qxb6
{[%clk 0:25:29]} 45. Rxb6 {[%clk 0:28:40]} Bc7 {[%clk 0:23:26]} 46. Rbb2 {[%clk
0:28:13]} Bd6 {[%clk 0:22:11]} 47. Kg1 {[%clk 0:25:56]} Be5 {[%clk 0:18:31]}
48. Rb6 {[%clk 0:24:29]} Bd4+ {[%clk 0:18:54]} 49. Kf1 {[%clk 0:24:24]} Kf8
{[%clk 0:17:58]} 50. Ke2 {[%clk 0:23:07]} Rd8 {[%clk 0:15:05]} 51. Kd3 {[%clk
0:21:04]} Rd6 {[%clk 0:14:42]} 52. Rc6 {[%clk 0:17:22]} Ke8 {[%clk 0:13:02]}
53. Kc4 {[%clk 0:16:19]} Kd7 {[%clk 0:11:35]} 54. Kb5 {[%clk 0:15:14]} Rxc6
{[%clk 0:08:48]} 55. dxc6+ {[%clk 0:13:01]} Kc7 {[%clk 0:08:58]} 56. g4 {[%clk
0:12:36]} h6 {[%clk 0:07:48]} 57. Rh2 {[%clk 0:11:31]} Be3 {[%clk 0:08:09]} 58.
Rh1 {[%clk 0:11:50]} e5 {[%clk 0:07:42]} 59. Kc4 {[%clk 0:10:38]} Kb6 {[%clk
0:06:08]} 60. Kd5 {[%clk 0:09:42]} Kc7 {[%clk 0:05:16]} 61. Kxe5 {[%clk
0:09:19]} Bd4+ {[%clk 0:05:23]} 62. Kd5 {[%clk 0:09:24]} Be3 {[%clk 0:04:51]}
63. Kc4 {[%clk 0:09:25]} Kb6 {[%clk 0:01:45]} 64. Kd3 {[%clk 0:09:11]} Bf4
{[%clk 0:02:01]} 65. Rb1+ {[%clk 0:09:13]} Kc7 {[%clk 0:02:23]} 66. Ke2 {[%clk
0:09:36]} Bd6 {[%clk 0:02:35]} 67. Rd1 {[%clk 0:09:32]} f6 {[%clk 0:02:36]} 68.
Rd5 {[%clk 0:08:42]} c4 {[%clk 0:01:57]} 69. Kd2 {[%clk 0:08:36]} Be5 {[%clk
0:01:49]} 70. Rd7+ {[%clk 0:08:25]} Kb6 {[%clk 0:00:57]} 71. Rg7 {[%clk
0:07:59]} g5 {[%clk 0:00:49]} 72. Rh7 {[%clk 0:05:21]} Rxa6 {[%clk 0:01:06]}
73. Bxa6 {[%clk 0:05:31]} Kxa6 {[%clk 0:01:35]} 74. Rb7 {[%clk 0:04:36]} Bd4
{[%clk 0:00:46]} 75. Ke2 {[%clk 0:02:31]} Bb6 {[%clk 0:00:32]} 76. Rf7 {[%clk
0:02:22]} Bd4 {[%clk 0:00:50]} 77. Rd7 {[%clk 0:01:55]} Be5 {[%clk 0:00:55]}
78. Rb7 {[%clk 0:02:03]} Bd4 {[%clk 0:01:20]} 79. Rb1 {[%clk 0:02:26]} Bb6
{[%clk 0:00:32]} 80. Rb4 {[%clk 0:02:43]} Bc7 {[%clk 0:00:38]} 81. Rxc4 {[%clk
0:03:08]} Kb6 {[%clk 0:01:01]} 82. Kd3 {[%clk 0:03:25]} Be5 {[%clk 0:01:23]}
83. Kc2 {[%clk 0:03:39]} Kc7 {[%clk 0:01:47]} 84. Kb3 {[%clk 0:04:04]} Bd6
{[%clk 0:00:33]} 85. Ka4 {[%clk 0:04:30]} Kb6 {[%clk 0:00:55]} 86. Rc2 {[%clk
0:04:51]} Bc7 {[%clk 0:01:14]} 87. Kb3 {[%clk 0:04:59]} Bd6 {[%clk 0:01:35]}
88. Rc1 {[%clk 0:05:11]} Be5 {[%clk 0:01:34]} 89. Rh1 {[%clk 0:05:09]} Kxc6
{[%clk 0:01:57]} 90. Rxh6 {[%clk 0:05:33]} Kc5 {[%clk 0:02:17]} 91. Kc2 {[%clk
0:05:21]} Kd4 {[%clk 0:02:41]} 92. Kd2 {[%clk 0:05:43]} Bf4+ {[%clk 0:02:53]}
93. Ke2 {[%clk 0:05:59]} Be5 {[%clk 0:02:54]} 94. Rh1 {[%clk 0:06:09]} Bf4
{[%clk 0:02:55]} 95. Rd1+ {[%clk 0:06:33]} Kc4 {[%clk 0:02:22]} 96. Rd5 {[%clk
0:06:57]} Be5 {[%clk 0:02:17]} 97. Kd2 {[%clk 0:06:59]} Bf4+ {[%clk 0:02:33]}
98. Kc2 {[%clk 0:07:24]} Be5 {[%clk 0:02:57]} 99. Rd7 {[%clk 0:07:15]} Bf4
{[%clk 0:03:13]} 100. Kb2 {[%clk 0:06:30]} Be5+ {[%clk 0:03:12]} 101. Ka3
{[%clk 0:06:48]} Kb5 {[%clk 0:03:14]} 102. Kb3 {[%clk 0:07:06]} Kc6 {[%clk
0:03:14]} 103. Rd5 {[%clk 0:07:29]} Bf4 {[%clk 0:03:35]} 104. Kc4 {[%clk
0:07:53]} Be5 {[%clk 0:03:52]} 105. Rc5+ {[%clk 0:07:39]} Kd6 {[%clk 0:04:12]}
106. Kb5 {[%clk 0:07:47]} Ke7 {[%clk 0:00:46]} 107. Rxe5+ {[%clk 0:07:23]} fxe5
{[%clk 0:01:08]} 108. Kc5 {[%clk 0:07:46]} Ke6 {[%clk 0:01:33]} 109. Kc6 {[%clk
0:08:11]} Kf6 {[%clk 0:01:58]} 110. Kd6 {[%clk 0:08:35]} Kg6 {[%clk 0:02:23]}
111. Kxe5 {[%clk 0:09:01]} Kh6 {[%clk 0:02:44]} 112. Kf6 {[%clk 0:09:17]} Kh7
{[%clk 0:03:10]} 113. Kf7 {[%clk 0:09:37]} Kh6 {[%clk 0:03:36]} 114. e5 {[%clk
0:10:03]} Kh7 {[%clk 0:04:03]} 115. e6 {[%clk 0:10:28]} Kh6 {[%clk 0:04:29]}
116. e7 {[%clk 0:10:54]} Kh7 {[%clk 0:04:53]} 117. e8=Q {[%clk 0:11:17]} Kh6
{[%clk 0:05:21]} 118. Qh8# 1-0

[Event "DVM U12 2019"]
[Site "Magdeburg GER"]
[Date "2019.12.29"]
[Round "6"]
[White "Koulouris, Fabian"]
[Black "Bangiev, Anton"]
[Result "0-1"]
[Termination "normal"]
[Board "3.4"]
[WhiteElo "1261"]
[BlackElo "1431"]
[WhiteClock "00:55:31"]
[BlackClock "00:11:29"]
[WhiteTeam "SC Kreuzberg e.V."]
[BlackTeam "Schachzentrum Bemerode"]
[PlyCount "68"]
[WhiteFideId "16297946"]
[BlackFideId "16267222"]
[EventCountry "GER"]
[EventRounds "7"]
[EventType "team-swiss"]
[EventDate "2019.12.26"]

1. e4 {[%clk 1:30:57]} d6 {[%clk 1:30:56]} 2. d4 {[%clk 1:31:25]} Nf6 {[%clk
1:31:18]} 3. Nc3 {[%clk 1:31:51]} g6 {[%clk 1:31:42]} 4. Bg5 {[%clk 1:32:04]}
Bg7 {[%clk 1:32:03]} 5. Qd2 {[%clk 1:32:29]} O-O {[%clk 1:28:09]} 6. O-O-O
{[%clk 1:32:30]} Nc6 {[%clk 1:27:25]} 7. f3 {[%clk 1:32:18]} e5 {[%clk
1:25:18]} 8. d5 {[%clk 1:32:36]} Ne7 {[%clk 1:23:54]} 9. g4 {[%clk 1:32:30]} a6
{[%clk 1:18:21]} 10. h4 {[%clk 1:32:35]} Bh8 {[%clk 1:15:37]} 11. h5 {[%clk
1:26:11]} b5 {[%clk 1:11:55]} 12. Qh2 {[%clk 1:25:49]} Kg7 {[%clk 0:50:13]} 13.
hxg6 {[%clk 1:24:36]} fxg6 {[%clk 0:50:12]} 14. Bxf6+ {[%clk 1:24:23]} Kxf6
{[%clk 0:49:57]} 15. Qh4+ {[%clk 1:17:01]} Kf7 {[%clk 0:45:27]} 16. Qxh7+
{[%clk 1:15:42]} Bg7 {[%clk 0:44:56]} 17. Qh3 {[%clk 1:11:07]} Bd7 {[%clk
0:38:29]} 18. Nge2 {[%clk 1:05:41]} b4 {[%clk 0:32:37]} 19. Nb1 {[%clk
1:05:42]} a5 {[%clk 0:32:50]} 20. Qg3 {[%clk 1:01:42]} g5 {[%clk 0:25:10]} 21.
Rh5 {[%clk 0:58:45]} Ng6 {[%clk 0:20:29]} 22. c4 {[%clk 0:55:07]} Qc8 {[%clk
0:14:45]} 23. Rxg5 {[%clk 0:54:34]} Bh6 24. Qh2 {[%clk 0:54:21]} Bxg5+ {[%clk
0:14:57]} 25. f4 {[%clk 0:54:00]} Rh8 {[%clk 0:13:00]} 26. Qf2 {[%clk 0:54:02]}
Nxf4 {[%clk 0:12:37]} 27. c5 {[%clk 0:53:26]} Ke8 {[%clk 0:11:04]} 28. c6
{[%clk 0:53:48]} Nd3+ {[%clk 0:10:49]} 29. Kc2 {[%clk 0:53:54]} Nxf2 {[%clk
0:10:58]} 30. Re1 {[%clk 0:54:16]} Bxg4 {[%clk 0:10:57]} 31. Nd2 Bxd2 {[%clk
0:11:00]} 32. Kxd2 {[%clk 0:54:55]} Bxe2 {[%clk 0:11:16]} 33. Rxe2 {[%clk
0:55:19]} Rh2 {[%clk 0:11:27]} 34. Ke1 {[%clk 0:55:31]} Ng4 {[%clk 0:11:29]}
0-1

[Event "DVM U12 2019"]
[Site "Magdeburg GER"]
[Date "2019.12.29"]
[Round "6"]
[White "Tomasjan, Samuel"]
[Black "Strauß, Florian"]
[Result "1-0"]
[Termination "normal"]
[Board "4.2"]
[WhiteElo "1662"]
[BlackElo "1303"]
[WhiteTeam "Schachfreunde Brackel 1930 e. V."]
[BlackTeam "SV Multatuli Ingelheim e.V."]
[PlyCount "63"]
[WhiteFideId "16235584"]
[BlackFideId "16298047"]
[EventCountry "GER"]
[EventRounds "7"]
[EventType "team-swiss"]
[EventDate "2019.12.26"]

1. e4 d5 2. exd5 Nf6 3. c4 e6 4. dxe6 Bxe6 5. Nf3 Bc5 6. Be2 O-O 7. O-O Nc6 8.
d3 Re8 9. Nc3 Nd4 10. Nxd4 Bxd4 11. Bf3 c6 12. Re1 Bxc3 13. bxc3 Bf5 14. d4 Rb8
15. Bf4 Rc8 16. Qa4 Qb6 17. c5 Qa6 18. Qxa6 bxa6 19. Rxe8+ Nxe8 20. Re1 Be6 21.
Re2 Nf6 22. Rb2 Nd5 23. Bd2 g6 24. a3 Kf8 25. Rb7 Rc7 26. Rxc7 Nxc7 27. Bxc6
Nb5 28. a4 Na3 29. d5 Bf5 30. d6 Nc4 31. Bh6+ Kg8 32. d7 1-0

[Event "DVM U12 2019"]
[Site "Magdeburg GER"]
[Date "2019.12.29"]
[Round "6"]
[White "Makarov, Mark Alexander"]
[Black "Römer, Uri"]
[Result "1/2-1/2"]
[Termination "normal"]
[Board "4.3"]
[WhiteElo "1243"]
[BlackElo "1311"]
[WhiteTeam "SV Multatuli Ingelheim e.V."]
[BlackTeam "Schachfreunde Brackel 1930 e. V."]
[PlyCount "68"]
[WhiteFideId "16298055"]
[BlackFideId "16275039"]
[EventCountry "GER"]
[EventRounds "7"]
[EventType "team-swiss"]
[EventDate "2019.12.26"]

1. e4 e5 2. Nf3 Nc6 3. Bc4 Nf6 4. d3 h6 5. O-O Bc5 6. Re1 d6 7. h3 Be6 8. Bb3
O-O 9. Ba4 Re8 10. c3 Bd7 11. d4 exd4 12. cxd4 Bb4 13. Bd2 Bxd2 14. Nbxd2 Re7
15. e5 dxe5 16. dxe5 Nd5 17. Bb3 Ndb4 18. Nc4 Be6 19. Re2 Qe8 20. a3 Rd8 21.
Rd2 Rxd2 22. Qxd2 Rd7 23. Qe2 Nd3 24. Rd1 Bxc4 25. Bxc4 Ndxe5 26. Rxd7 Nxf3+
27. Qxf3 Qxd7 28. Qb3 Na5 29. Qb4 Nxc4 30. Qxc4 Qd1+ 31. Kh2 Qd6+ 32. Kg1 Qb6
33. b3 Kf8 34. b4 Kg8 1/2-1/2

[Event "DVM U12 2019"]
[Site "Magdeburg GER"]
[Date "2019.12.29"]
[Round "6"]
[White "Skolnik, Andrius"]
[Black "Stiehl, Richard"]
[Result "1/2-1/2"]
[Termination "normal"]
[Board "4.4"]
[WhiteElo "1278"]
[BlackElo "1171"]
[WhiteTeam "Schachfreunde Brackel 1930 e. V."]
[BlackTeam "SV Multatuli Ingelheim e.V."]
[PlyCount "66"]
[WhiteFideId "16297954"]
[BlackFideId "16298063"]
[EventCountry "GER"]
[EventRounds "7"]
[EventType "team-swiss"]
[EventDate "2019.12.26"]

1. e4 e5 2. Nf3 Nc6 3. Bc4 Bc5 4. c3 Nf6 5. d4 exd4 6. cxd4 Bb4+ 7. Nc3 Nxe4 8.
Bd2 Bxc3 9. Bxc3 d5 10. Bd3 O-O 11. h3 Re8 12. O-O Bf5 13. Qc2 Qd7 14. Rfe1 Nd6
15. Ne5 Nxe5 16. dxe5 Bxd3 17. Qxd3 Nf5 18. Rac1 Ne7 19. Qg3 Qe6 20. h4 Qg6 21.
Qh3 h5 22. Qd7 Rac8 23. Bb4 Nc6 24. a3 Qe6 25. Qxe6 Rxe6 26. f4 g6 27. Bc5 b6
28. Be3 Ne7 29. g3 c5 30. b3 a6 31. b4 c4 32. Red1 b5 33. Bc5 Rd8 1/2-1/2

[Event "DVM U12 2019"]
[Site "Magdeburg GER"]
[Date "2019.12.29"]
[Round "6"]
[White "Schön, Florian"]
[Black "Udelnov, Valentin"]
[Result "0-1"]
[Termination "normal"]
[Board "5.1"]
[WhiteElo "1713"]
[BlackElo "1416"]
[WhiteTeam "BSG Grün-Weiß Leipzig e. V."]
[BlackTeam "Schachzwerge Magdeburg"]
[PlyCount "132"]
[WhiteFideId "16259394"]
[BlackFideId "16265734"]
[EventCountry "GER"]
[EventRounds "7"]
[EventType "team-swiss"]
[EventDate "2019.12.26"]

1. e4 e5 2. Nf3 Nc6 3. d4 exd4 4. Bc4 Nf6 5. O-O Nxe4 6. Re1 d5 7. Bxd5 Qxd5 8.
Nc3 Qh5 9. Nxe4 Be6 10. Bg5 h6 11. Ng3 Qg6 12. Bh4 Bc5 13. Ne4 Bb6 14. Qd3 O-O
15. Rad1 Bg4 16. Kf1 Rfe8 17. h3 Bf5 18. Nfd2 Nb4 19. Qf3 Nxc2 20. Re2 Ne3+ 21.
fxe3 dxe3 22. Ng3 Bc2 23. Rde1 Bd3 24. Nb3 Bxe2+ 25. Nxe2 c6 26. Ned4 Qd3+ 27.
Qe2 Qe4 28. Nf3 a5 29. Na1 a4 30. Nc2 Ra5 31. Na3 Rc5 32. Rd1 Rf5 33. Nc4 Bc5
34. Bg3 Rd5 35. Ra1 b5 36. Na3 Red8 37. Be1 Qf5 38. Kg1 Qf6 39. Rb1 Qg6 40. Ra1
Rh5 41. Kf1 Rhd5 42. Kg1 Qe6 43. Kf1 Rd3 44. Nc2 Qe4 45. a3 Ba7 46. Nb4 R3d6
47. Rc1 c5 48. Na2 c4 49. Nc3 Qf5 50. Rd1 Rxd1 51. Nxd1 Qd3 52. Nc3 Qxe2+ 53.
Kxe2 Rb8 54. Nd5 f6 55. Nxe3 Kf7 56. Bc3 g6 57. Nd4 f5 58. Nc6 Rb7 59. Nxa7
Rxa7 60. Kf3 Ke6 61. h4 g5 62. g3 Rd7 63. Nc2 Rd3+ 64. Kg2 Kd5 65. Nd4 Rxd4 66.
Bxd4 Kxd4 0-1

[Event "DVM U12 2019"]
[Site "Magdeburg GER"]
[Date "2019.12.29"]
[Round "6"]
[White "Herter, Arne"]
[Black "Englert, Luca"]
[Result "1-0"]
[Termination "normal"]
[Board "5.2"]
[WhiteElo "1417"]
[BlackElo "1632"]
[WhiteTeam "Schachzwerge Magdeburg"]
[BlackTeam "BSG Grün-Weiß Leipzig e. V."]
[PlyCount "55"]
[WhiteFideId "16255372"]
[BlackFideId "16293088"]
[EventCountry "GER"]
[EventRounds "7"]
[EventType "team-swiss"]
[EventDate "2019.12.26"]

1. e4 d5 2. exd5 Qxd5 3. Nc3 Qd6 4. d4 Bf5 5. Bc4 e6 6. Nf3 Nc6 7. O-O Be7 8.
d5 exd5 9. Qxd5 Qxd5 10. Nxd5 O-O-O 11. Bf4 Bd6 12. Ng5 Bg6 13. Bxd6 Rxd6 14.
Nf4 Nh6 15. Nxg6 fxg6 16. Rad1 Nf5 17. Bd3 Rf6 18. Rfe1 h6 19. Ne4 Rff8 20. Nc5
Re8 21. Ne6 Nce7 22. g4 Nh4 23. Nxg7 Nf3+ 24. Kf1 Nxe1 25. Rxe1 Reg8 26. Rxe7
Kd8 27. Rf7 Rh7 28. Ne6+ 1-0

[Event "DVM U12 2019"]
[Site "Magdeburg GER"]
[Date "2019.12.29"]
[Round "6"]
[White "Vecera, Fabio"]
[Black "Petzold, Johannes Julius"]
[Result "1-0"]
[Termination "normal"]
[Board "5.3"]
[WhiteElo "1529"]
[BlackElo "1449"]
[WhiteTeam "BSG Grün-Weiß Leipzig e. V."]
[BlackTeam "Schachzwerge Magdeburg"]
[PlyCount "101"]
[WhiteFideId "16281705"]
[BlackFideId "16289455"]
[EventCountry "GER"]
[EventRounds "7"]
[EventType "team-swiss"]
[EventDate "2019.12.26"]

1. d4 Nf6 2. e3 g6 3. Nd2 Bg7 4. f4 O-O 5. Ngf3 d6 6. Bd3 Nfd7 7. O-O e5 8.
fxe5 dxe5 9. c3 f5 10. Nb3 Kh8 11. Bc2 e4 12. Nfd2 g5 13. Qh5 g4 14. Re1 Nf6
15. Qh4 Qe8 16. Qf2 h5 17. g3 Nd5 18. a3 Bf6 19. c4 Nb6 20. Qf4 Qf7 21. Nc5 Kg7
22. b3 h4 23. Bb2 Kg6 24. Kf1 Bg5 25. Qf2 hxg3 26. hxg3 N8d7 27. Ke2 Qe7 28.
Nxd7 Bxd7 29. a4 Rh8 30. a5 Nc8 31. Rf1 Nd6 32. Rh1 Bh6 33. Rh2 Nf7 34. Qg2 Ng5
35. Bd1 Nf3 36. Rh1 Bg7 37. Bc2 c5 38. Ba3 b6 39. Raf1 Rac8 40. Kd1 Bh6 41. Qe2
Qg5 42. axb6 axb6 43. Nxe4 fxe4 44. Bxe4+ Bf5 45. Bxf3 gxf3 46. Rxf3 Bg4 47.
dxc5 Bxf3 48. Qxf3 Rhd8+ 49. Ke2 bxc5 50. Qe4+ Qf5 51. Rxh6+ 1-0

[Event "DVM U12 2019"]
[Site "Magdeburg GER"]
[Date "2019.12.29"]
[Round "6"]
[White "Plenikowski, Julian"]
[Black "Widmann, Maximilian"]
[Result "0-1"]
[Termination "normal"]
[Board "5.4"]
[WhiteElo "1027"]
[BlackElo "1592"]
[WhiteTeam "Schachzwerge Magdeburg"]
[BlackTeam "BSG Grün-Weiß Leipzig e. V."]
[PlyCount "88"]
[WhiteFideId "16297997"]
[BlackFideId "16281691"]
[EventCountry "GER"]
[EventRounds "7"]
[EventType "team-swiss"]
[EventDate "2019.12.26"]

1. e4 c6 2. c4 e6 3. Nc3 d5 4. exd5 exd5 5. cxd5 cxd5 6. d4 Nc6 7. Bd3 Be6 8.
Nf3 Bd6 9. O-O Nge7 10. Bg5 Qb6 11. Be3 O-O 12. Qd2 Rac8 13. Bb1 Bb4 14. Qd3
Bf5 15. Qd1 Bxc3 16. Bxf5 Nxf5 17. bxc3 Rfe8 18. Qd3 Nxe3 19. fxe3 f6 20. c4
Nb4 21. Qb3 dxc4 22. Qxc4+ Rxc4 23. Rab1 Qa6 24. Rb2 Qa3 25. Rfb1 Qxe3+ 26. Rf2
Nd3 27. Rbf1 Nxf2 28. h3 Rc1 29. Rxc1 Qxc1+ 30. Kxf2 Re3 31. d5 Rxf3+ 32. Kxf3
Kf7 33. d6 Qd1+ 34. Kg3 Qxd6+ 35. Kf2 Qd3 36. a4 Ke6 37. a5 Ke5 38. a6 bxa6 39.
Kg1 Kf4 40. Kh2 g5 41. h4 g4 42. h5 g3+ 43. Kh3 Qf5+ 44. Kh4 Qg5+ 0-1

[Event "DVM U12 2019"]
[Site "Magdeburg GER"]
[Date "2019.12.29"]
[Round "6"]
[White "Bock, Marlon"]
[Black "Fischer, Darja"]
[Result "1/2-1/2"]
[Termination "normal"]
[Board "6.1"]
[WhiteElo "1708"]
[BlackElo "1546"]
[WhiteTeam "SSV Vimaria 91 Weimar"]
[BlackTeam "Karlsruher SF 1853"]
[PlyCount "78"]
[WhiteFideId "16244931"]
[BlackFideId "16240898"]
[EventCountry "GER"]
[EventRounds "7"]
[EventType "team-swiss"]
[EventDate "2019.12.26"]

1. d4 d5 2. Nf3 Nf6 3. e3 Bg4 4. c4 c6 5. Nbd2 e6 6. h3 Bh5 7. Be2 Be7 8. O-O
O-O 9. b3 Nbd7 10. Bb2 c5 11. Rc1 Rc8 12. Ne5 Bxe2 13. Qxe2 Nxe5 14. dxe5 Nd7
15. Rfe1 Nb6 16. f4 f6 17. Nf3 f5 18. Rc2 Qc7 19. Nd2 Rfd8 20. cxd5 Rxd5 21.
Rd1 Qd7 22. Nc4 Nxc4 23. bxc4 Rd3 24. Bc3 Rd8 25. Rb1 Rd1+ 26. Rxd1 Qxd1+ 27.
Kf2 Qxe2+ 28. Kxe2 Kf7 29. Rb2 Rd7 30. Rd2 Ke8 31. e4 g6 32. exf5 Rxd2+ 33.
Bxd2 gxf5 34. g4 Kd7 35. Kf3 Ke8 36. g5 Kf7 37. h4 Kg6 38. Ba5 b6 39. Be1 a6
1/2-1/2